Записки о постройке Амурской железной дороги и о соединении Сибирской железной дороги с городами Центральной России

Доступно только в Электронных читальных залах Найти на картеНа карте
RUSMARC
00003655nmc2a22002413x 450
001b35ad62f-ec62-4777-9c42-7ea316260dd1
00520210306075357.0
100##$a20200908l19081908k l0rusy0189 ca
1010#$arus
102##$aRU
105##$ay###
1220#$ad
2001#$aЗаписки о постройке Амурской железной дороги и о соединении Сибирской железной дороги с городами Центральной России
$j31 января 1908 г.
215##$a4 л.
$d36,5х26 см
251##$cДело
300##$aОтдел транспортный, подотдел железнодорожный
371##$aДокумент не является опубликованным и широко распространяемым
461#0$1001462bc950-73da-43c4-909a-7b2c52d22778
$12001
$aСовет съездов представителей промышленности и торговли
$1251
$cФонд
$1852
$j32
462#0$10016d63d908-4edb-4782-94eb-bfaf477d4f70
$12001
$aОпись № 1
$1251
$cОпись
$1852
$j1
801#0$aRU
$bРГИА
$c20200908
$gRCR
801#1$aRU
$bГлавНИВЦ
$c20200908
$2rusmarc
801#2$aRU
$bПБ им. Б.Н. Ельцина
$c20210306
$gRCR
$2rusmarc
850##$aРГИА
852##$aРГИА
$eФедеральное казенное учреждение "Российский государственный исторический архив" (РГИА)
$j686
937##$hРГИА
$d12350048
$aASBIBLIO_SCAN
035##$aRusGRCC00012059
856##$uhttp://readingroom.main.prlib.ru/item.aspx?id_node=n158200343&mode=full
Формат отображения